000 00573nam a22001697a 4500
082 _a005
100 _aAamer, Osama ; Fatima, Eman ; Khalid, Taimoor Bin
245 _aPeekafood:
_bMenu Assistant /
_cOsama Aamer ; Eman Fatima ; Taimoor Bin Khalid
260 _aIslamabad :
_bSEECS - NUST,
_c2018.
300 _a107 p. ;
_c30cm.
563 _aHBK
650 _aComputer Science-Project Report
700 _aDr. Osman Hasan
856 _uhttp://10.250.8.41:8080/xmlui/handle/123456789/25101
942 _2ddc
_cPR
999 _c536245
_d536245